<?xml version="1.0" encoding="UTF-8"?>
<record
    xmlns:xsi="http://www.w3.org/2001/XMLSchema-instance"
    xsi:schemaLocation="http://www.loc.gov/MARC21/slim http://www.loc.gov/standards/marcxml/schema/MARC21slim.xsd"
    xmlns="http://www.loc.gov/MARC21/slim">

  <leader>00750nam a2200265Ia 4500</leader>
  <controlfield tag="001">dia_3461</controlfield>
  <controlfield tag="003">CHAP</controlfield>
  <controlfield tag="005">20230313124901.0</controlfield>
  <controlfield tag="008">220117s1984    xx            000 0 und d</controlfield>
  <datafield tag="010" ind1=" " ind2=" ">
    <subfield code="a">173924</subfield>
  </datafield>
  <datafield tag="020" ind1=" " ind2=" ">
    <subfield code="a">968-18-1643-9</subfield>
  </datafield>
  <datafield tag="040" ind1=" " ind2=" ">
    <subfield code="c">CHAP</subfield>
  </datafield>
  <datafield tag="082" ind1=" " ind2=" ">
    <subfield code="a">637.1 P4</subfield>
  </datafield>
  <datafield tag="100" ind1=" " ind2=" ">
    <subfield code="a">P&#xE9;rez Gavilan Escalante, Jorge</subfield>
    <subfield code="9">89683</subfield>
  </datafield>
  <datafield tag="245" ind1=" " ind2=" ">
    <subfield code="a">Bioqu&#xED;mica y microbiolog&#xED;a de la leche  /</subfield>
    <subfield code="c"> Jorge P&#xE9;rez Gavilan Escalante</subfield>
  </datafield>
  <datafield tag="260" ind1=" " ind2=" ">
    <subfield code="a">Mexico, D. F.  :</subfield>
    <subfield code="b"> Limusa,</subfield>
    <subfield code="c">1984</subfield>
  </datafield>
  <datafield tag="300" ind1=" " ind2=" ">
    <subfield code="a">202 p.</subfield>
  </datafield>
  <datafield tag="503" ind1=" " ind2=" ">
    <subfield code="a">C/E</subfield>
  </datafield>
  <datafield tag="650" ind1=" " ind2=" ">
    <subfield code="a">1.Leche</subfield>
    <subfield code="x">an&#xE1;lisis </subfield>
    <subfield code="9">154718</subfield>
  </datafield>
  <datafield tag="650" ind1=" " ind2=" ">
    <subfield code="a">Leche</subfield>
    <subfield code="x">bacteriolog&#xED;a</subfield>
    <subfield code="9">65360</subfield>
  </datafield>
  <datafield tag="901" ind1=" " ind2=" ">
    <subfield code="a">637.1 P4</subfield>
  </datafield>
  <datafield tag="902" ind1=" " ind2=" ">
    <subfield code="a">M</subfield>
  </datafield>
  <datafield tag="905" ind1=" " ind2=" ">
    <subfield code="a">0000001984                          MX AM  0000000000SPA00</subfield>
  </datafield>
  <datafield tag="942" ind1=" " ind2=" ">
    <subfield code="c">LIBRO</subfield>
    <subfield code="2">ddc</subfield>
  </datafield>
  <datafield tag="999" ind1=" " ind2=" ">
    <subfield code="c">173924</subfield>
    <subfield code="d">173924</subfield>
  </datafield>
  <datafield tag="952" ind1=" " ind2=" ">
    <subfield code="0">0</subfield>
    <subfield code="1">0</subfield>
    <subfield code="2">ddc</subfield>
    <subfield code="4">0</subfield>
    <subfield code="5">1</subfield>
    <subfield code="7">0</subfield>
    <subfield code="8">GRAL</subfield>
    <subfield code="a">IA_</subfield>
    <subfield code="b">IA_</subfield>
    <subfield code="d">2022-01-18</subfield>
    <subfield code="e">Compra Librer&#xED;a Patena F. 5019 / R. (27/04/1990)</subfield>
    <subfield code="g">8120.00</subfield>
    <subfield code="i">C/e</subfield>
    <subfield code="l">11</subfield>
    <subfield code="o">637.1 P4</subfield>
    <subfield code="p">dia_3449</subfield>
    <subfield code="r">2026-02-18 15:51:08</subfield>
    <subfield code="s">2026-02-18</subfield>
    <subfield code="t">1</subfield>
    <subfield code="y">LIBRO</subfield>
  </datafield>
</record>
